Sports Quiz

Random Sports or Baseball Quiz

MLB Most Seasons with 20+ HR Quiz Stats

Quiz Updated Sep 28, 2016

Challenge
Share
Tweet
Embed
Score 0/261 Timer 20:00
12 Plays Today
20+ HR Years Player % Correct
16Babe Ruth
94.9%
20Hank Aaron
94.7%
19Barry Bonds
94.7%
10Bobby Bonds
93.7%
16Alex Rodriguez
90.8%
16Ted Williams
88.1%
7Bernie Williams
87.8%
14Billy Williams
87.7%
10Matt Williams
87.6%
14Mickey Mantle
86.7%
13Mark McGwire
86.4%
17Willie Mays
85.3%
15Ken Griffey, Jr.
85.1%
13Sammy Sosa
84.6%
14Chipper Jones
82.4%
16Reggie Jackson
82.3%
10Andruw Jones
81.9%
13Frank Thomas
81.4%
15David Ortiz
81.3%
9Frank Thomas
81%
15Albert Pujols
80.9%
7Gorman Thomas
80.9%
13Lou Gehrig
80.2%
14Manny Ramirez
80.1%
11Lee May
79.7%
6Adam Jones
79.5%
7Hanley Ramirez
79.4%
10Aramis Ramirez
79.4%
16Jim Thome
77.9%
17Frank Robinson
77.7%
6Brooks Robinson
77.5%
14Mike Schmidt
76.6%
11Juan Gonzalez
75.6%
9Adrian Gonzalez
75.3%
7Luis Gonzalez
75.1%
12Cal Ripken, Jr.
73.8%
11Joe DiMaggio
72.7%
12Jeff Bagwell
72.3%
6Carlos Gonzalez
71.8%
10Frank Howard
71.6%
10Ryan Howard
71.6%
12Jose Canseco
71.3%
9Bob Johnson
71%
6Deron Johnson
70.6%
11Johnny Bench
70.4%
8Edgar Martinez
69.9%
7Victor Martinez
69.8%
9Prince Fielder
69.7%
13Harmon Killebrew
69.7%
9Tino Martinez
69.5%
7Cecil Fielder
69.3%
14Rafael Palmeiro
67.2%
8Reggie Smith
66.9%
12Jimmie Foxx
66.8%
8Carl Yastrzemski
66.8%
9Gary Carter
66.7%
12Joe Carter
66.6%
7Shawn Green
66.5%
10Chili Davis
65.9%
8Eric Davis
65.7%
16Eddie Murray
65.6%
12Miguel Cabrera
65.6%
6Glenn Davis
65.4%
10Stan Musial
65.3%
13Ernie Banks
64.9%
8Larry Walker
64.7%
6Roger Maris
64.7%
12Willie McCovey
64.6%
11Yogi Berra
64.6%
12Mike Piazza
64.5%
15Mel Ott
64.4%
15Willie Stargell
64.3%
8George Bell
64.1%
8George Brett
64%
6Chris Davis
64%
8Todd Helton
63.2%
10Albert Belle
61.9%
14Gary Sheffield
61%
11Jim Rice
60.9%
10Darryl Strawberry
59.9%
13Andre Dawson
59.6%
12Vladimir Guerrero
59.3%
15Fred McGriff
58.9%
12Carlos Beltran
58.4%
8Craig Biggio
58.2%
15Dave Winfield
57.8%
11Jason Giambi
57.3%
20+ HR Years Player % Correct
14Eddie Mathews
57.1%
12Adrian Beltre
57%
13Carlos Delgado
56.6%
12Adam Dunn
56.4%
12Dale Murphy
56.2%
9Al Kaline
55.6%
6Preston Wilson
55%
6Ryne Sandberg
54.9%
6Kirby Puckett
54.8%
8Carlton Fisk
54.8%
6Hack Wilson
54.6%
8Hank Greenberg
54.3%
11Lance Berkman
54.1%
11Carlos Lee
53.8%
9Mo Vaughn
53.6%
9Derrek Lee
53.5%
13Paul Konerko
53.5%
8Greg Vaughn
53.2%
11Dwight Evans
52.8%
10Darrell Evans
52.8%
12Dave Kingman
52.7%
8Ryan Braun
52.7%
11Jack Clark
52.6%
6Will Clark
52.6%
10Andres Galarraga
52.6%
12Jeff Kent
52.2%
10Duke Snider
52.2%
8Jay Buhner
52.2%
9Tony Perez
51.9%
12Mark Teixeira
50.7%
6Jose Bautista
49.6%
9Ralph Kiner
49.5%
10George Foster
49.3%
11Jim Edmonds
48.7%
8Dante Bichette
48.7%
9Dave Parker
48.1%
7Robinson Cano
46.9%
6David Wright
46.7%
12Alfonso Soriano
45.9%
11Ron Santo
45.6%
6Jason Bay
45.5%
6Steve Garvey
45%
8Jorge Posada
44.4%
7Bill White
44.4%
7Rogers Hornsby
44%
9Moises Alou
44%
9David Justice
43.9%
10Kent Hrbek
43.7%
7Bobby Bonilla
43.6%
8Troy Glaus
43.4%
9Matt Holliday
43.2%
10Fred Lynn
42.8%
8Vinny Castilla
42.4%
8Miguel Tejada
42.3%
8Tim Salmon
42.1%
8Nelson Cruz
42.1%
8Evan Longoria
41.9%
12Orlando Cepeda
41.9%
7Joey Votto
41.5%
7Paul O'Neill
40.9%
6Carlos Pena
40.5%
10Scott Rolen
40.3%
8Richie Sexson
40.2%
6Kirk Gibson
40.2%
9Boog Powell
40.2%
7Nomar Garciaparra
39.9%
10Ron Cey
39.7%
11Graig Nettles
39.6%
6Bret Boone
39.1%
7Edwin Encarnacion
38.9%
11Torii Hunter
38.5%
10Jermaine Dye
37.5%
7Roy Campanella
37.4%
8Magglio Ordonez
37.3%
7Troy Tulowitzki
36.9%
6Javy Lopez
36.8%
9Johnny Mize
36.2%
8Gary Gaetti
36.2%
10Dick Allen
36%
11Gil Hodges
35.7%
9Ellis Burks
35.5%
6Ted Simmons
35.4%
6Al Simmons
35.3%
9Don Baylor
34.8%
11Norm Cash
34.8%
6Dusty Baker
34.6%
11Harold Baines
34.6%
20+ HR Years Player % Correct
9Curtis Granderson
34.5%
6Leon Wagner
34.2%
9Bobby Abreu
33.9%
7Greg Luzinski
33.7%
7Ron Gant
33.6%
7Matt Kemp
33%
11Rocky Colavito
32.7%
6Ryan Zimmerman
32.3%
7Giancarlo Stanton
31.9%
7Lance Parrish
31.8%
8Vernon Wells
31.7%
7Eric Chavez
31.6%
7Mark Reynolds
31.3%
8Reggie Sanders
30.6%
7Dean Palmer
30.5%
6Jesse Barfield
30.3%
6Joe Torre
29.9%
6Jayson Werth
29.9%
9Robin Ventura
29.2%
6Mike Lowell
29.1%
6Brian Giles
28.9%
8Jay Bruce
28.5%
8Chuck Klein
28.3%
8Eric Karros
28.1%
7Dan Uggla
28%
6Tony Armas
28%
9Pat Burrell
27.9%
7Bob Horner
27.3%
7Steve Finley
27.2%
8Rob Deer
27.1%
6Justin Upton
27%
8Raul Ibanez
26.7%
7Ruben Sierra
26.6%
8Ryan Klesko
26.3%
6Andrew McCutchen
25.6%
6George Scott
25.5%
9Brian McCann
25.5%
8Jimmy Wynn
25.4%
7Joe Gordon
24.8%
9Raul Mondesi
24.3%
6Mickey Tettleton
23.6%
6Mike Sweeney
23.6%
7Danny Tartabull
23.4%
7Willie Horton
23.3%
6Sal Bando
23.1%
8Jeromy Burnitz
23%
8Ken Boyer
22.9%
6Tony Batista
22.7%
8John Mayberry
22.2%
8Tom Brunansky
22.2%
6Ray Lankford
21%
6Al Rosen
20.9%
7Joe Adcock
20.6%
7Geoff Jenkins
20.6%
7Travis Fryman
20.2%
7Hunter Pence
19.9%
8Mike Cameron
19.7%
8Bob Allison
19.5%
9Nick Swisher
19.3%
6Matt Stairs
19.2%
7Bobby Murcer
19.1%
7Aubrey Huff
19.1%
8Larry Doby
19.1%
6Brian Downing
18.9%
8Bobby Thomson
18.8%
7Vada Pinson
18%
6Kevin McReynolds
17.9%
7Mike Napoli
17.8%
9Adam LaRoche
17.7%
6Jose Valentin
17.5%
6Andre Thornton
16.6%
7Hank Sauer
16.5%
9Roy Sievers
16.4%
8Rudy York
16.1%
6Hal Trosky
15.8%
6George Hendrick
15.5%
6Vern Stephens
15.5%
6Tony Conigliaro
15.3%
6Pete Incaviglia
15.2%
9Del Ennis
15.2%
6Dick Stuart
14.1%
6Gus Zernial
14%
6Vic Wertz
13%
6Adam Lind
13%
6Jackie Jensen
11.9%
8Dolph Camilli
11.2%
6Bill Nicholson
11.1%

You're not logged in!

Compare scores with friends on all Sporcle quizzes.
Sign Up with Email
OR
Log In

You Might Also Like...

Show Comments

Extras

Top Quizzes Today


Score Distribution

Your Account Isn't Verified!

In order to create a playlist on Sporcle, you need to verify the email address you used during registration. Go to your Sporcle Settings to finish the process.